English-Gujarati dictionary / (Record no. 179749)

MARC details
000 -LEADER
fixed length control field 00686nam a22002057a 4500
005 - DATE AND TIME OF LATEST TRANSACTION
control field 20210716100912.0
010 ## - LCCN (DPL NO)
LC control number B-740582
020 ## - INTERNATIONAL STANDARD BOOK NUMBER
Terms of availability 295.00
035 ## - SYSTEM CONTROL NUMBER
System control number B-740582
037 ## - SOURCE OF ACQUISITION
Source of stock number/acquisition Gift
082 ## - DEWEY DECIMAL CLASSIFICATION NUMBER
Classification number 443.62
245 ## - TITLE STATEMENT
Title English-Gujarati dictionary /
Statement of responsibility, etc compiled by N.R. Ranina
260 ## - PUBLICATION, DISTRIBUTION, ETC. (IMPRINT)
Place of publication, distribution, etc New Delhi
Name of publisher, distributor, etc Star Publications
Date of publication, distribution, etc 2005
270 ## - ADDRESS
Address 4/58, Asaf Ali Road
City New Delhi
Postal code 110002
300 ## - PHYSICAL DESCRIPTION
Extent 639p.
Dimensions 22cm(Hb)
505 ## - FORMATTED CONTENTS NOTE
Formatted contents note over 20,000 English words translated into Gujarati
700 ## - ADDED ENTRY--PERSONAL NAME
Personal name N.R. Ranina
942 ## - ADDED ENTRY ELEMENTS (KOHA)
Source of classification or shelving scheme Dewey Decimal Classification
Item type Reference Books
Classification part 443.62
Call number suffix ENG
Holdings
Withdrawn status Lost status Not for loan Collection code Home library Current library Date acquired Source of acquisition Cost, normal purchase price Full call number Barcode Copy number Cost, replacement price Koha item type
    Not For Loan Non-fiction Central Library Central Library 07/07/2021 Gift/Eng/07-07-2021 295.00 443.62 ENG B-740582 1 295.00 Reference Books

© Delhi Public Library
Hit Counter
free hit counter